000 00710nam a2200241 a 4500
001 BRCA_8060
005 20190320210120.0
008 310314s1960----enka###f##---#000-0#eng-#
041 _aeng
044 _aenk
050 4 _aNK4225
_b.H66 1960
100 1 _aHoney, W. B.
_918286
245 1 0 _aThe art of potter
_ba book for the collector and conoiusseur
_cW. B. Honey.
260 _aLondres
_bFaber and Faber
_c1960
300 _axvi, 64 p.
_bil., 160 láminas
_c25 cm.
500 _aVer también A3 (1946)
500 _aY67
650 1 4 _aAlfareros
_920027
650 1 4 _aAlfarería
_vTrabajos y diseño
_920028
650 1 4 _aCerámica
_vColeccionistas y colecciones
_920029
902 _aGFM
942 _2lcc
_cB
999 _c7728
_d7728